00429nam a2200145Ia 4500008004100000041000900041082001800050100001900068245002700087260004100114300000800155650000800163999001700171952009500188230718s9999 xx 000 0 und d aEng. a340.59bM.A-H aM.A.Coulsm N.J 0ahistory of islamic law aPakistanbuniversity of londonc2012 a226 aLaw c30178d30178 00104070aSIRC-LbSIRC-Ld2023-07-18l0o340.59 M.A-Hp25129r2023-07-18w2023-07-18yBK